000 01215nam1a22003371 4500
001 RU\NLR\A1SV\111565
005 20251203171251.9
035 _a(NLR Aleph) 009792918
090 _a10144276
_c10144276
100 _a20080922d1921 u y0rusy50 ca
101 0 _arus
102 _aRU
200 1 _aПредварительные итоги урожая 1921 года по Сибири
_fДм. Мерхалев
210 _aНовониколаевск
_cТип.Совнархоза № 1
_d1921
215 _a40 с.
_d22 см
225 _aТр. Сибир. стат. управления
_fпод общ. ред. М.П.Красильникова
_hВып.1
300 _aБез. тит. л. Год изд. установлен по содерж.
620 _dНовосибирск
700 1 _aМерхалев
_bД.Н.
_f1888-1931
_gДмитрий Николаевич
702 1 _aКрасильников
_bМ.П.
_f1870-1935
_gМитрофан Павлович
801 0 _aRU
_bNLR
_c20080922
899 _aГОПБ
899 _aНГОНБ
899 _aКУНБ
899 _aГОПБ
899 _aНГОНБ
899 _aКУНБ
942 _cBOOK
980 _aNB
980 _aA1SV